Dictionnaire n°8 - Statistiques

Statistiques générales
  • Ce quiz a été pris 170 fois
  • Le résultat moyen est 5 sur 10
Statistiques - réponses
Définitions Classe grammaticale Mots correspondants % Correct
Cesser de tenir Verbe Lâcher
93%
Art martial japonais, sport de combat dans lequel les coups sont retenus avant l'impact Nom Karaté
75%
Rendre propre à l'alimentation par le feu, la chaleur Verbe Cuire
69%
Hostile par principe aux étrangers, à ce qui vient de l'étranger Adjectif Xénophobe
63%
Très grande agglomération urbaine Nom Mégalopole
54%
Emprisonner à la Bastille Verbe Embastiller
40%
Longue robe d'ecclésiastique Nom Soutane
35%
A partir d'un moment passé Préposition Depuis
33%
Relatif à la zone de contact entre la terre et la mer Adjectif Littoral
29%
Relatif aux états d'équilibre Adjectif Statique
1%
Aucun quiz correspondant
Distribution des résultats
% des personnes avec chaque résultat
Percentile par nombre de réponses
Votre historique - résultats
Vous n’avez pas pris ce quiz